[Event "Skanska Open"]
[Site "Pardubice CZE"]
[Date "2004.07.28"]
[Round "6"]
[White "Zubarev,Al1"]
[Black "Vuckovic,Bo"]
[Result "1/2-1/2"]
[WhiteElo "2473"]
[BlackElo "2529"]

1.e4 c5 2.Nf3 Nc6 3.Bb5 d6 4.O-O Bd7 5.Re1 Nf6 6.h3 g6 7.c3 Ne5 8.Bxd7+ Nfxd7
9.Nxe5 dxe5 10.d3 Bg7 11.a4 O-O 12.a5 Qc7 13.Qa4 Rfd8 14.Be3 Nf8 15.Qc4 Ne6
16.Rd1 Rd7 17.a6 b6 18.Na3 Qd8 19.Nb5 Qf8 20.f3 Bh6 21.Bf2 Bf4 22.b4 cxb4
23.Qxb4 Qh6 24.d4 Be3 25.Qb2 Rad8 26.d5 Bxf2+ 27.Qxf2 Nf4 28.Kh2 Rc8 29.Rab1 Rc5
30.Rb4 Qf8 31.Qf1 Qc8 32.Ra1 Nh5 33.c4 Nf6 34.Nc3 Qc7 35.Na4 Ra5 36.c5 bxc5
37.Rb5 c4 38.Rxa5 Qxa5 39.Nb2 Qb4 40.Nxc4 Rc7 41.Rc1 Qc5 42.Qg1 Nd7 43.Rc2 Qb4
44.Qc1 Qa4 45.Ne3 Rxc2 46.Qxc2 Qxa6 47.Qc7  1/2-1/2

[Event "Glorney Cup"]
[Site "Aberdeen SCO"]
[Date "2004.07.29"]
[Round "5"]
[White "Rendle,T"]
[Black "Maenhout,T"]
[Result "0-1"]
[WhiteElo "2258"]
[BlackElo "1990"]

1.e4 c5 2.Nf3 Nc6 3.Bb5 g6 4.O-O Bg7 5.Bxc6 bxc6 6.c3 f6 7.d4 cxd4 8.cxd4 d6
9.Nc3 Nh6 10.Bxh6 Bxh6 11.e5 fxe5 12.dxe5 O-O 13.Qa4 Bd7 14.Qh4 Bg7 15.e6 Be8
16.Ng5 h6 17.Nge4 Rb8 18.Rab1 g5 19.Qg3 Bg6 20.Rbd1 Rxb2 21.f4 Qa5 22.fxg5 Rxf1+
23.Rxf1 hxg5 24.Nd1 Bxe4 25.Nxb2 Bxb2 26.Kh1 Bf6 27.Qe3 Qd5 28.Qh3 Qd3 29.Qxd3 Bxd3
30.Rd1 Bc4 31.Re1 Bd5 32.a4 c5 33.Rb1 c4 34.Kg1 c3 35.Kf2 c2 36.Rb8+ Kg7
37.Rc8 Bb3  0-1

[Event "7th Open"]
[Site "Korinthos GRE"]
[Date "2004.07.29"]
[Round "9"]
[White "Perunovic,Mil"]
[Black "Milanovic,Da"]
[Result "1-0"]
[WhiteElo "2555"]
[BlackElo "2428"]

1.e4 c5 2.Nf3 Nc6 3.Bb5 e6 4.O-O Nge7 5.c3 a6 6.Ba4 b5 7.Bc2 Bb7 8.Re1 Rc8
9.a4 Qb6 10.Na3 Ng6 11.d4 cxd4 12.cxd4 Bb4 13.Re2 O-O 14.h4 Rfe8 15.h5 Nf8
16.Be3 d5 17.e5 Be7 18.Bd3 Na7 19.axb5 axb5 20.Nh2 Bc6 21.Ng4 b4 22.Nc2 Bb5
23.Ne1 Rc7 24.Rc2 Rec8 25.Rxa7 Qxa7 26.Rxc7 Rxc7 27.Bxb5 Qa2 28.b3 Rc3 29.Ba4 Rc7
30.Nd3 Qc2 31.Qxc2 Rxc2 32.h6 Rc3 33.Nc5 g6 34.Nf6+  1-0

[Event "Skanska Open"]
[Site "Pardubice CZE"]
[Date "2004.07.29"]
[Round "7"]
[White "Potkin,V"]
[Black "Tzermiadianos,And"]
[Result "1-0"]
[WhiteElo "2523"]
[BlackElo "2452"]

1.e4 c5 2.Nf3 Nc6 3.Bb5 g6 4.O-O Bg7 5.c3 Nf6 6.Re1 O-O 7.h3 Ne8 8.d4 cxd4
9.cxd4 Nc7 10.Bxc6 bxc6 11.Nc3 a5 12.Be3 Rb8 13.Qd2 Nb5 14.Bh6 Nxc3 15.Bxg7 Kxg7
16.Qxc3 Kg8 17.Rad1 Qb6 18.b3 d6 19.Rc1 Bd7 20.e5 Qd8 21.Qe3 Kg7 22.Qf4 Be6
23.Rxc6 Rb6 24.d5 Bxd5 25.exd6 Bxc6 26.dxe7 Qd7 27.Qh6+  1-0

[Event "Mark Pinto IM"]
[Site "San Francisco USA"]
[Date "2004.07.29"]
[Round "9"]
[White "Evans,Be"]
[Black "Batchimeg,T"]
[Result "0-1"]
[WhiteElo "2262"]
[BlackElo "2169"]

1.e4 c5 2.Nf3 Nc6 3.Bb5 g6 4.O-O Bg7 5.c3 Nf6 6.Re1 O-O 7.e5 Nd5 8.d4 cxd4
9.cxd4 d6 10.Nc3 dxe5 11.Bxc6 bxc6 12.Nxe5 Qc7 13.Na4 Bf5 14.Nc5 Rfd8 15.Qf3 Nb4
16.Bf4 Qc8 17.Qb3 Bxe5 18.Rxe5 Rxd4 19.Be3 Rd5 20.Rxd5 Nxd5 21.Bd4 f6 22.f3 Rb8
23.Qa3 Nb4 24.Qxa7 Nc2 25.Rd1 Qd8 26.Na6 Ra8 27.Qc5 e5 28.Qc4+ Kg7 29.Nc7 Nxd4
30.Nxa8 Qxa8 31.f4 Qa7 32.Kh1 Bg4 33.Ra1 exf4 34.b4 f3 35.Qc5 fxg2+ 36.Kxg2 Qd7
37.Re1 Bh3+ 38.Kf2 Qg4 39.Qe7+ Kh6 40.Qe3+ g5 41.Rg1 Qf5+ 42.Kg3 Bg4 43.Rg2 Qf1
44.Qf2 Qd3+  0-1

[Event "MTO"]
[Site "Biel SUI"]
[Date "2004.07.30"]
[Round "11"]
[White "Wells,P"]
[Black "Cherniaev,A1"]
[Result "1/2-1/2"]
[WhiteElo "2494"]
[BlackElo "2500"]

1.e4 c5 2.Nf3 Nc6 3.Bb5 Nf6 4.Bxc6 dxc6 5.d3 Nd7 6.Nbd2 e5 7.Nc4 Qe7 8.O-O g6
9.a3 Bg7 10.b4 O-O 11.Bb2 f6 12.Nfd2 b6 13.bxc5 Nxc5 14.a4 Be6 15.Ba3 Rfd8
16.a5 b5 17.Nb3 Bxc4 18.Nxc5 Bf7 19.a6 Rdb8 20.Qd2 Bf8 21.Bb4 Qc7 22.c3 Re8
23.Qe3 Rac8 24.Kh1 h5  1/2-1/2

[Event "MTO"]
[Site "Biel SUI"]
[Date "2004.07.30"]
[Round "11"]
[White "Lukin,A"]
[Black "Schneider,Il"]
[Result "1/2-1/2"]
[WhiteElo "2417"]
[BlackElo "2370"]

1.e4 c5 2.Nf3 Nc6 3.Bb5 g6 4.O-O Bg7 5.c3 Nf6 6.Qa4 O-O 7.d4 cxd4 8.cxd4 d5
9.e5 Nd7 10.Bxc6 Nb6 11.Qd1 bxc6  1/2-1/2

[Event "Politiken Cup"]
[Site "Copenhagen DEN"]
[Date "2004.07.31"]
[Round "9"]
[White "Dignam,M"]
[Black "Andersen,Ru"]
[Result "1-0"]
[WhiteElo "2144"]
[BlackElo "2042"]

1.e4 c5 2.Nf3 Nc6 3.Bb5 g6 4.O-O Bg7 5.c3 Nf6 6.Qe2 O-O 7.d4 d5 8.exd5 Qxd5
9.c4 Nxd4 10.cxd5 Nxe2+ 11.Bxe2 Nxd5 12.Rd1 Nb4 13.Na3 Bf5 14.Ne1 a6 15.Nc4 b5
16.Ne3 Be6 17.a3 Na2 18.Rd2 Rad8 19.Rc2 Bb3 20.Rxc5 Nxc1 21.Raxc1 Bxb2 22.Rb1 Rd2
23.Kf1 Ba2 24.Rd1 Rxd1 25.Nxd1 Bxa3 26.Rc6 Ra8 27.Nc3 Be6 28.Bf3 Ra7 29.Nc2 Bb2
30.Nd5 a5 31.Rb6 b4 32.Ke2 Kg7 33.g4 Bc8 34.g5 Ba6+ 35.Kd2 Bc4 36.Nce3 Ba2
37.Nf4 Bd4 38.Nh5+  1-0

[Event "2nd North Urals Cup"]
[Site "Krasnoturinsk RUS"]
[Date "2004.07.31"]
[Round "8"]
[White "Polovnikova,E"]
[Black "Kovalevskaya,E"]
[Result "0-1"]
[WhiteElo "2413"]
[BlackElo "2470"]

1.e4 c5 2.Nf3 Nc6 3.Bb5 g6 4.Bxc6 dxc6 5.h3 Bg7 6.d3 Nf6 7.Nc3 Nd7 8.Be3 e5
9.Qd2 h6 10.g4 Qe7 11.Ne2 Nf8 12.Ng3 Ne6 13.c3 b6 14.a4 a5 15.Qc2 Ba6 16.O-O-O O-O
17.h4 Nf4 18.Bxf4 exf4 19.Ne2 Rfe8 20.g5 c4 21.d4 Qxe4 22.Qxe4 Rxe4 23.Rde1 Rae8
24.Nxf4 Bb7 25.Ng2 c5 26.dxc5 Re2 27.Rxe2 Rxe2 28.Nge1 Be5 29.Kd1 Rxb2 30.Nxe5 Bxh1
31.c6 Rxf2 32.c7 Bb7 33.Nxc4 Rf5 34.Nd3 Rd5 35.Ne5 hxg5 36.hxg5 Kg7 37.c4 Rd6
38.Ke2 Re6 39.Ke3 Re7 40.Kd4 Rxc7 41.c5 bxc5+ 42.Nxc5 Bc6 43.Nc4 Re7 44.Ne5 Be8
45.Kd5 f6 46.gxf6+ Kxf6 47.Ne4+ Kf5 48.Nd6+ Kf4 49.Nd3+ Ke3 50.Ne5 Ke2 51.Nxe8 Rxe8
52.Nxg6 Rb8 53.Nf4+ Kd2 54.Ne6 Kc3 55.Nc5 Rh8 56.Kc6 Kb4  0-1

[Event "Liepajas Rokade"]
[Site "Liepaya LAT"]
[Date "2004.07.31"]
[Round "6"]
[White "Zapolskis,A"]
[Black "Sveshnikov,V"]
[Result "0-1"]
[WhiteElo "2344"]
[BlackElo "2186"]

1.e4 c5 2.Nf3 Nc6 3.Bb5 e6 4.Bxc6 bxc6 5.O-O Ne7 6.Re1 Ng6 7.d3 e5 8.Nc3 Be7
9.Ne2 O-O 10.Ng3 d6 11.Nf5 Be6 12.b3 Qd7 13.g4 f6 14.Qe2 Bd8 15.Bd2 Ne7 16.Kh1 Kh8
17.Rg1 Ng8 18.Rg3 g6 19.N3h4 a5 20.a4 g5 21.Ng6+ hxg6 22.Rh3+ Qh7 23.Rxh7+ Kxh7
24.Nxd6 Nh6 25.f3 Ra7 26.Be3 Rd7 27.Nc4 Bxc4 28.bxc4 Be7 29.Qd2 f5 30.Bxg5 Bxg5
31.Qxg5 fxg4 32.fxg4 Rf2 33.Qxe5 Rdf7 34.h3 R7f3 35.Kg1 Nf7 36.Qc7 Kh6 37.Re1 Ng5
38.h4 Nh3+ 39.Kh1 Nf4 40.Qe5 Rh3+  0-1

[Event "Liepajas Rokade"]
[Site "Liepaya LAT"]
[Date "2004.07.31"]
[Round "8"]
[White "Sveshnikov,V"]
[Black "Sveshnikov,E"]
[Result "0-1"]
[WhiteElo "2186"]
[BlackElo "2508"]

1.e4 c5 2.Nf3 Nc6 3.Bb5 d6 4.d4 cxd4 5.Nxd4 Bd7 6.Bxc6 bxc6 7.f4 g6 8.O-O Bg7
9.Kh1 Nf6 10.e5 dxe5 11.fxe5 Ng4 12.e6 Bxe6 13.Nxe6 Nf2+ 14.Kg1 Qxd1 15.Rxd1 Nxd1
16.Nxg7+ Kd7 17.Na3 Rad8 18.Kf1 Kc8 19.Ke2 Rhg8 20.Bf4 Rd4 21.Bd2 Nxb2 22.Bc3 Re4+
23.Kf3 Na4 24.Kxe4 Nxc3+ 25.Kd3 Nd5 26.c4 Nb6 27.Re1 Kd7 28.c5 Na4 29.Rb1 Kc8
30.Nc4 Rxg7 31.Na5 e5 32.Nxc6 f6 33.Na5 Rd7+ 34.Kc4 Rd2 35.c6 e4  0-1

[Event "IV Mario Covas"]
[Site "Santos BRA"]
[Date "2004.07.31"]
[Round "1"]
[White "Leitao,R"]
[Black "Zambrana,O"]
[Result "1/2-1/2"]
[WhiteElo "2573"]
[BlackElo "2472"]

1.e4 c5 2.Nf3 Nc6 3.Bb5 g6 4.Bxc6 dxc6 5.d3 Bg7 6.h3 Nf6 7.Nc3 O-O 8.Bf4 Nd7
9.e5 Qc7 10.Qe2 Nb6 11.O-O-O Nd5 12.Nxd5 cxd5 13.Qd2 Be6 14.Bh6 Rfd8 15.h4 Bh8
16.h5 Bg4 17.e6 Bxf3 18.exf7+ Kxf7 19.gxf3 Qe5 20.c3 Bf6 21.f4 Qf5 22.Bg5 Rg8
23.Rde1 Rae8 24.d4 cxd4 25.Bxf6 Qxf6 26.Qxd4 Qxd4  1/2-1/2

[Event "Politiken Cup"]
[Site "Copenhagen DEN"]
[Date "2004.08.01"]
[Round "10"]
[White "Mortensen,E"]
[Black "Hansen,Cu"]
[Result "1/2-1/2"]
[WhiteElo "2455"]
[BlackElo "2635"]

1.e4 c5 2.Nf3 Nc6 3.Bb5 g6 4.O-O Bg7 5.c3 Nf6 6.Re1 O-O 7.e5 Nd5 8.d4 cxd4
9.cxd4 d6 10.Nc3 Nxc3 11.bxc3 Bf5 12.exd6 exd6 13.Bf4 Rc8 14.Qa4 a6 15.Bf1 d5
16.Rac1 h6 17.Qa3 g5 18.Bg3 Re8 19.Rxe8+ Qxe8 20.h4 g4 21.Re1 Qf8 22.Bd6 Qd8
23.Ne5 Qxh4 24.Nxc6 Rxc6 25.Re8+ Kh7 26.Bg3 Qg5 27.Qb3 Bg6 28.Be5 Bxe5 29.dxe5 g3
30.Qb4 gxf2+ 31.Kxf2 Qd2+ 32.Kg1 Qe3+ 33.Kh2 Rc5 34.Qh4 Qg5 35.Qd4 Rc7 36.e6 f6
37.Rd8 Qf5 38.Rd6 Re7 39.Bd3 Qh5+ 40.Kg3 Rg7 41.Kf2 Qe5 42.Bxg6+ Kxg6 43.Qxd5 Qxd5
44.Rxd5 Re7 45.Rd7 Rxe6 46.Rxb7 Rc6 47.Rb3 Kf5  1/2-1/2

[Event "Open"]
[Site "Kavala GRE"]
[Date "2004.08.01"]
[Round "3"]
[White "Webb,L"]
[Black "Timoshenko,G"]
[Result "1/2-1/2"]
[WhiteElo "2339"]
[BlackElo "2536"]

1.e4 c5 2.Nf3 Nc6 3.Bb5 g6 4.O-O Bg7 5.Re1 Nd4 6.Nxd4 cxd4 7.d3 e6 8.Nd2 a6
9.Bc4 Ne7 10.Bb3 O-O 11.Nf3 d6 12.Bg5 h6 13.Bd2 Kh7 14.c3 Nc6 15.cxd4 Nxd4
16.Nxd4 Bxd4 17.Bc3 Qf6 18.Qd2 Bd7 19.Rac1 Rac8 20.Rc2 Rc5 21.Rec1 Rfc8 22.g3 Kg7
23.Bxd4 Qxd4 24.Qe3 Qxe3 25.fxe3 Rxc2 26.Rxc2 Rxc2 27.Bxc2 f5 28.exf5 gxf5
29.Kf2 Kf6 30.d4 e5  1/2-1/2

[Event "IV Mario Covas"]
[Site "Santos BRA"]
[Date "2004.08.01"]
[Round "2"]
[White "Zarnicki,P"]
[Black "Marques,V"]
[Result "1-0"]
[WhiteElo "2521"]
[BlackElo "2378"]

1.e4 c5 2.Nf3 Nc6 3.Bb5 g6 4.O-O Bg7 5.c3 Nf6 6.Qe2 e5 7.d4 cxd4 8.cxd4 exd4
9.e5 Nd5 10.Qe4 a6 11.Bg5 Qa5 12.Bc4 Nb6 13.Bb3 O-O 14.Re1 Qb4 15.Qf4 Nc4
16.Bxc4 Qxc4 17.Nbd2 Qe6 18.Ne4 d5 19.Nf6+ Kh8 20.Bh6 Qf5 21.Qh4 g5 22.Nxg5 Be6
23.Ngxh7 Bxh6 24.Qxh6 Qg6 25.Qh4 Kg7 26.Nxf8 Rxf8 27.Nh5+  1-0

[Event "Open Dutch Champ"]
[Site "Dieren NED"]
[Date "2004.08.02"]
[Round "6"]
[White "Van der Wiel,J"]
[Black "Pavlovic,Mi"]
[Result "1/2-1/2"]
[WhiteElo "2502"]
[BlackElo "2498"]

1.e4 c5 2.Nf3 Nc6 3.Bb5 d6 4.O-O Bd7 5.c3 Nf6 6.Re1 a6 7.Bf1 Bg4 8.d4 cxd4
9.cxd4 d5 10.e5 Ng8 11.Nbd2 e6 12.a3 Nge7 13.h3 Bh5 14.g4 Bg6 15.Nb3 Nc8
16.Bg5 Be7 17.Bxe7 Kxe7 18.Nc5 Ra7 19.Rc1 h5 20.Re3 hxg4 21.hxg4 Kf8 22.b4 Kg8
23.Bg2 b6 24.Nxa6 Rxa6 25.b5 Ra7 26.bxc6 Be4 27.Rec3 Rc7 28.Ne1 Rh6 29.Qd2  1/2-1/2

[Event "Open"]
[Site "Kavala GRE"]
[Date "2004.08.04"]
[Round "6"]
[White "Belov,Vl"]
[Black "Kotronias,V"]
[Result "1/2-1/2"]
[WhiteElo "2532"]
[BlackElo "2608"]

1.e4 c5 2.Nf3 Nc6 3.Bb5 g6 4.O-O Bg7 5.c3 Nf6 6.Re1 O-O 7.h3 e5 8.d4 cxd4
9.cxd4 exd4 10.e5 Ne8 11.Bg5 f6 12.exf6 Bxf6 13.Bxf6 Qxf6 14.Nbd2 Nd6 15.Bd3 b6
16.Ne4 Nxe4 17.Bxe4 Bb7 18.Qd2 Rae8 19.Nxd4 Qxd4 20.Qxd4 Nxd4 21.Bxb7 Rxe1+
22.Rxe1 Ne6 23.Re3 Rf5 24.b4 Kf7 25.g3  1/2-1/2

[Event "XI Summer Open"]
[Site "Nice FRA"]
[Date "2004.08.04"]
[Round "4"]
[White "Bancod,R"]
[Black "Orndahl,M"]
[Result "1-0"]
[WhiteElo "2354"]
[BlackElo "2143"]

1.e4 c5 2.Nf3 Nc6 3.Bb5 Nd4 4.Nxd4 cxd4 5.c4 e5 6.O-O Nf6 7.d3 a6 8.Ba4 Bd6
9.Nd2 Rb8 10.Nf3 O-O 11.Bg5 b5 12.cxb5 axb5 13.Bb3 h6 14.Bh4 Re8 15.Rc1 Bf8
16.Nxe5 Rxe5 17.f4 Re8 18.e5 Be7 19.exf6 Bxf6 20.Qh5 Rf8 21.Bxf6 Qxf6 22.Qe5 Bb7
23.Qxf6 gxf6 24.Rfe1 Rfe8 25.Kf2 Kf8 26.Rxe8+ Rxe8 27.Rc5 Re3 28.Rxb5 Bc6
29.Rb8+ Kg7 30.Bc2 Bxg2 31.Kxg2 Re2+ 32.Kf3 Rxc2 33.a4  1-0

[Event "Open"]
[Site "Davos SUI"]
[Date "2004.08.06"]
[Round "7"]
[White "Ferguson,M"]
[Black "Horvath,Ta1"]
[Result "1/2-1/2"]
[WhiteElo "2387"]
[BlackElo "2452"]

1.e4 c5 2.Nf3 Nc6 3.Bb5 e6 4.Bxc6 bxc6 5.d3 Ne7 6.h4 h5 7.Qe2 Ng6 8.e5 Be7
9.Qe4 Rb8 10.c4 d5 11.exd6 Qxd6 12.Nc3 e5 13.Ng5 Bg4 14.f3 Bd7 15.Qe2 f5
16.Be3 O-O 17.O-O-O Nf4 18.Qd2 Rb4 19.g3 Ng6 20.a3 Rb3 21.Na4 Rfb8 22.Qa5 Qf6
23.Bxc5 e4 24.Bxe7 Qxe7 25.dxe4 Ne5 26.Qc5 Qxc5 27.Nxc5 Rxb2 28.Nxd7 Nxd7
29.exf5 Ne5 30.Rd8+ Rxd8 31.Kxb2 Nxc4+ 32.Kb3 Ne3 33.Rc1 Nxf5 34.g4 hxg4
35.fxg4 Nxh4 36.Rxc6 Ng2 37.Rc7 Rb8+ 38.Ka4 Ne3 39.Ne6 Rb6 40.Rxg7+ Kh8 41.Re7 Nc4
42.g5  1/2-1/2

[Event "ch-Arab"]
[Site "Dubai UAE"]
[Date "2004.08.08"]
[Round "6"]
[White "Hakki,I"]
[Black "Hamdouchi,H"]
[Result "1/2-1/2"]
[WhiteElo "2451"]
[BlackElo "2556"]

1.e4 c5 2.Nf3 Nc6 3.Bb5 d6 4.Bxc6+ bxc6 5.O-O e5 6.c3 f5 7.d4 Nf6 8.dxe5 Nxe4
9.exd6 Bxd6 10.Ng5 Nxg5 11.Bxg5 Bxh2+ 12.Kxh2 Qxg5 13.Qd6 Kf7 14.f4 Rd8 15.Qxc5 Qh6+
16.Kg1 Rd5 17.Qe3 Qd6 18.Na3 Ba6 19.Rf2 Rd3 20.Qe2 Re8 21.Qh5+ Qg6 22.Qxg6+ Kxg6
23.c4 Kh5 24.b3 Kg4 25.Nc2 c5 26.Ne1 Rd4 27.Nf3 Rxf4 28.Rd1 Bc8 29.Rd5 Rfe4
30.Rxc5 h6 31.Rc6 Kh5 32.g3 R4e6 33.Rxe6 Rxe6 34.Nd4 Re1+ 35.Rf1 Re5 36.Kf2 Bb7
37.b4 Re4 38.Rd1 g5 39.c5 f4 40.gxf4 Rxf4+ 41.Ke3 Kg6 42.c6 Bc8 43.b5 Rh4
44.Nb3 Ra4 45.Rd6+ Kh5 46.c7 Rc4 47.Rc6 Ra4 48.Rd6 Rc4 49.Rc6 Ra4 50.Rd6  1/2-1/2

[Event "HZ Open"]
[Site "Vlissingen NED"]
[Date "2004.08.08"]
[Round "2"]
[White "Iordachescu,V"]
[Black "Hoffman,Ro"]
[Result "1-0"]
[WhiteElo "2633"]
[BlackElo "2128"]

1.e4 c5 2.Nf3 Nc6 3.Bb5 g6 4.O-O Bg7 5.Re1 Nf6 6.e5 Nd5 7.Nc3 Nc7 8.Bxc6 bxc6
9.d4 cxd4 10.Qxd4 d6 11.Qc4 O-O 12.exd6 exd6 13.Bg5 Bf6 14.Bxf6 Qxf6 15.Qxc6 Qd8
16.Nd5 Nxd5 17.Qxa8 Qa5 18.Qc6 Be6 19.Qxd6 Rd8 20.Qe5 Re8 21.c4 f6 22.Qd6  1-0

[Event "FSGM August"]
[Site "Budapest HUN"]
[Date "2004.08.09"]
[Round "3"]
[White "Turov,M"]
[Black "Paschall,W"]
[Result "1-0"]
[WhiteElo "2536"]
[BlackElo "2389"]

1.e4 c5 2.Nf3 Nc6 3.Bb5 d6 4.O-O Bd7 5.Re1 Nf6 6.c3 a6 7.Bf1 Bg4 8.d3 e6
9.Nbd2 Be7 10.h3 Bh5 11.g4 Bg6 12.Nh4 Nd7 13.Ng2 O-O 14.f4 f5 15.Nf3 h6 16.Qe2 b5
17.Qf2 Bh7 18.Bd2 fxe4 19.dxe4 Nf6 20.f5 Nxe4 21.Rxe4 exf5 22.gxf5 Bxf5 23.Ree1 d5
24.Qg3 Rf6 25.Nh2 Rg6 26.Qf3 Qd7 27.Bd3 Rf8 28.Bxf5 Rxf5 29.Qe2 Ne5 30.Kh1 d4
31.Bf4 Qd5 32.Bxe5 Rxe5 33.Qf3 Qxf3 34.Nxf3 Rxe1+ 35.Rxe1 Bf6 36.Nf4 Rg3
37.Rf1 h5 38.cxd4 g5 39.Nd5 Bxd4 40.Kh2 h4 41.Ne7+ Kh7 42.Nf5 g4 43.hxg4 Rxg4
44.Kh3 Rg6 45.N3xd4 cxd4 46.Rf4 Re6 47.Nxd4 Re1 48.Kxh4 Ra1 49.a3 b4 50.axb4 Kg6
51.Kg4 Ra2 52.b3 Ra1 53.Kf3 Re1 54.Re4 Ra1 55.Re6+ Kf7 56.Ke4 a5 57.b5 a4
58.bxa4 Rxa4 59.b6  1-0

[Event "FSGM August"]
[Site "Budapest HUN"]
[Date "2004.08.09"]
[Round "3"]
[White "Rupprecht,A"]
[Black "Nilssen,J"]
[Result "1-0"]
[WhiteElo "2329"]
[BlackElo "2414"]

1.e4 c5 2.Nf3 Nc6 3.Bb5 g6 4.O-O Bg7 5.c3 Nf6 6.Re1 O-O 7.d4 cxd4 8.cxd4 d5
9.e5 Ne4 10.Bxc6 bxc6 11.Nbd2 c5 12.dxc5 Nxc5 13.Nb3 Nxb3 14.Qxb3 d4 15.Rd1 Be6
16.Qa3 Qc7 17.Bf4 Rad8 18.Rxd4 Rxd4 19.Nxd4 Bd5 20.Rc1 Qb7 21.f3 e6 22.b3 g5
23.Bxg5 Bxe5 24.Qc5 Qb8 25.h3 Bd6 26.Qb5 Bh2+ 27.Kh1 Qe5 28.Bh6 Bf4 29.Nc6 Qe3
30.Ne7+ Kh8 31.Bxf4 Qxf4 32.Qc5 Bxf3 33.Rf1 Bxg2+ 34.Kxg2 Qe4+ 35.Kh2 Rd8
36.Qg5 Qc2+ 37.Kg1 Qc3 38.Ng6+ hxg6 39.Qxd8+ Kg7 40.Qh4  1-0

[Event "ch-Arab"]
[Site "Dubai UAE"]
[Date "2004.08.11"]
[Round "9"]
[White "Khairallah,F"]
[Black "Abdul Moula,S"]
[Result "1/2-1/2"]
[WhiteElo "2283"]
[BlackElo "2196"]

1.e4 c5 2.Nf3 Nc6 3.Bb5 g6 4.c3 Bg7 5.d4 Qb6 6.Bxc6 bxc6 7.O-O Nf6 8.e5 Nd5
9.c4 Nc7 10.d5 cxd5 11.cxd5 d6 12.Re1 O-O 13.Bg5 Re8 14.Nbd2 dxe5 15.Nc4 Qa6
16.d6 Qxc4 17.dxc7 Bb7 18.Qd7 Qd5 19.Rad1 Qxd7 20.Rxd7 f6 21.Be3 Bc6 22.Rd2 Rac8
23.Rc2 Bxf3 24.gxf3 Rxc7 25.Rec1 Rec8 26.Rxc5 Rxc5 27.Rxc5 Rxc5 28.Bxc5 a6
29.Bxe7 Kf7 30.Bc5 Ke6 31.b3 Kd5 32.Be3 e4 33.Kg2 f5 34.h4 h5 35.a4 Be5 36.fxe4+ Kxe4
37.b4 Bf6 38.b5 axb5 39.axb5 Kd5 40.Kg3 Be5+ 41.Bf4 Bd4 42.Bc7 Kc5 43.b6 Kc6
44.f3 Bf6 45.Kh3 Be7 46.Kg3 Bf6 47.Kh3 Be7  1/2-1/2

[Event "ch-Arab"]
[Site "Dubai UAE"]
[Date "2004.08.11"]
[Round "9"]
[White "Khader,S"]
[Black "Hamdouchi,H"]
[Result "0-1"]
[WhiteElo "2385"]
[BlackElo "2556"]

1.e4 c5 2.Nf3 Nc6 3.Bb5 e6 4.O-O Nge7 5.c4 Qb6 6.Nc3 a6 7.Ba4 Nd4 8.a3 Nec6
9.Re1 Bd6 10.Nxd4 cxd4 11.Na2 Qc7 12.g3 Rb8 13.b4 b5 14.cxb5 axb5 15.Bb3 O-O
16.f4 Qb6 17.Bb2 f5 18.e5 Be7 19.Qb1 g5 20.Qd3 gxf4 21.gxf4 Kh8 22.Kf1 Rg8
23.Ke2 Rg2+ 24.Kd1 Bb7 25.Kc2 Rc8 26.Kb1 Rcg8 27.Nc1 Rxh2 28.Bc2 Bh4 29.Rd1 Rg3
30.Qf1 Ne7 31.a4 bxa4 32.Rxa4 d3 33.Bxd3 Rf2 34.Qe1 Rxf4 35.Bc2 Rgf3 36.Qe3 Nd5
37.Qxb6 Nxb6 38.Ra5 Rxb4 39.Na2 Rxb2+ 40.Kxb2 Nc4+ 41.Kc1 Nxa5  0-1

[Event "FSGM August"]
[Site "Budapest HUN"]
[Date "2004.08.13"]
[Round "7"]
[White "Turov,M"]
[Black "Nguyen Ngoc Truongson"]
[Result "1/2-1/2"]
[WhiteElo "2536"]
[BlackElo "2466"]

1.e4 c5 2.Nf3 Nc6 3.Bb5 g6 4.O-O Bg7 5.c3 Nf6 6.d4 cxd4 7.cxd4 d5 8.e5 Ne4
9.Ne1 Qb6 10.Bxc6+ bxc6 11.f3 Bxe5 12.fxe4 Qxd4+ 13.Qxd4 Bxd4+ 14.Kh1 dxe4
15.Nc2 Bg7 16.Nc3 f5 17.Be3 O-O 18.Bd4 Rd8 19.Rfd1 Ba6 20.Bxg7 Kxg7 21.Nb4 Bb7
22.Na4 a5 23.Nc2 Rd6 24.Nc5 Ba6 25.Nxa6 Rxa6 26.Kg1 a4 27.Na3 c5 28.Kf2 Rd4
29.Rxd4 cxd4 30.b4 axb3 31.axb3 Rb6 32.Rb1 Kf6 33.b4 Ke6 34.Nc4 Rb5 35.Na3 Rb6
36.Nc4 Rb5 37.Na3 Rb6 38.Nc4 Rb5 39.Na3  1/2-1/2

[Event "14th Open"]
[Site "Abu Dhabi UAE"]
[Date "2004.08.14"]
[Round "1"]
[White "Hasangatin,R"]
[Black "Paridar,S"]
[Result "1-0"]
[WhiteElo "2485"]
[BlackElo "2232"]

1.e4 c5 2.Nf3 Nc6 3.Bb5 g6 4.O-O Bg7 5.Re1 Nf6 6.Bxc6 dxc6 7.d3 Nd7 8.a3 Nf8
9.h3 h6 10.Nbd2 g5 11.Nc4 Ng6 12.Rb1 g4 13.hxg4 Bxg4 14.Ne3 h5 15.Nxg4 hxg4
16.Nh2 g3 17.fxg3 Qd6 18.Nf1 Be5 19.Qg4 e6 20.Be3 O-O-O 21.b4 cxb4 22.axb4 b6
23.Red1 Bc3 24.d4 Bxb4 25.e5 Qf8 26.Qe4 Ba5 27.Qxc6+ Kb8 28.Qa4 Bc3 29.d5 Bxe5
30.Bxb6  1-0

[Event "Australian Masters"]
[Site "Melbourne AUS"]
[Date "2004.08.14"]
[Round "11"]
[White "West,G"]
[Black "Xie,G"]
[Result "0-1"]
[WhiteElo "2362"]
[BlackElo "2313"]

1.e4 c5 2.Nf3 Nc6 3.Bb5 e6 4.Bxc6 bxc6 5.d3 Ne7 6.Qe2 f6 7.e5 fxe5 8.Nxe5 d6
9.Nf3 e5 10.Nc3 Nf5 11.Qe4 Bd7 12.Bg5 Be7 13.Bxe7 Qxe7 14.O-O-O Rb8 15.a3 O-O
16.Rde1 Rb7 17.Rhf1 Nd4 18.Nxd4 cxd4 19.Nd1 Bf5 20.Qe2 Qe6 21.h3 Qa2 22.f4 Rfb8
23.Kd2 e4 24.dxe4 Be6 25.Rf3 c5 26.Qa6 Rb6 27.Qxa7 c4 28.f5 Bf7 29.Ke2 c3
30.bxc3 Qxc2+ 31.Kf1 Bc4+ 32.Kg1 Qd2 33.Rg3 Qxe1+ 34.Kh2 Bf7 35.Qe7 Qxd1
36.Qf6 g6 37.fxg6 hxg6 38.Rxg6+ Bxg6 39.Qxg6+ Kf8 40.Qf6+ Ke8 41.Qe6+ Kd8
42.Qg8+ Kc7 43.Qf7+ Kc8 44.Qg8+ Kb7 45.Qd5+ Ka7 46.Qa5+ Ra6  0-1

[Event "14th Open"]
[Site "Abu Dhabi UAE"]
[Date "2004.08.15"]
[Round "2"]
[White "Hasangatin,R"]
[Black "Harikrishna,P"]
[Result "1/2-1/2"]
[WhiteElo "2485"]
[BlackElo "2609"]

1.e4 c5 2.Nf3 Nc6 3.Bb5 Qb6 4.Nc3 e6 5.O-O Nge7 6.b3 Nd4 7.Bd3 Nxf3+ 8.Qxf3 Ng6
9.Bb2 Be7 10.Ne2 O-O 11.Nf4 Qc7 12.Nxg6 fxg6 13.Qg3 Bd6 14.e5 Be7 15.Qg4 b6
16.h4 Bb7 17.h5 g5 18.f4 Rxf4 19.Rxf4 gxf4 20.Rf1 Rf8 21.Bxh7+ Kxh7 22.Qg6+ Kh8
23.h6 gxh6 24.Qxh6+ Kg8 25.Qg6+ Kh8 26.Qh6+ Kg8  1/2-1/2

[Event "FSGM August"]
[Site "Budapest HUN"]
[Date "2004.08.15"]
[Round "9"]
[White "Rupprecht,A"]
[Black "Nguyen Ngoc Truongson"]
[Result "0-1"]
[WhiteElo "2329"]
[BlackElo "2466"]

1.e4 c5 2.Nf3 Nc6 3.Bb5 g6 4.O-O Bg7 5.c3 Nf6 6.Re1 O-O 7.d4 cxd4 8.cxd4 d5
9.e5 Ne4 10.Bxc6 bxc6 11.Nbd2 Bf5 12.Nh4 c5 13.Nxf5 gxf5 14.f3 Nxd2 15.Qxd2 Qb6
16.b3 cxd4 17.Bb2 Bh6 18.Qxd4 Rfc8 19.Re2 e6 20.g3 Rc6 21.Qxb6 axb6 22.f4 Rac8
23.Kf1 Bf8 24.Ke1 b5 25.Kd1 h5 26.h4 Ra8 27.Bd4 Ba3 28.Rc2 Rxc2 29.Kxc2 Kf8
30.Rd1 Ke7 31.Kb1 Kd7 32.Bf2 Rc8 33.Bd4 Rc6 34.Bb2 Bc5 35.Rd3 Rc8 36.Bc3 Rg8
37.Be1 Kc6 38.b4 Bb6 39.Rc3+ Kb7 40.Kc1 Ra8 41.a3 Bd4 42.Rb3 Rc8+ 43.Kd2 Rc4
44.Kd1 Kc6 45.Kd2 f6 46.exf6 Bxf6 47.Bf2 d4 48.Rd3 Kd5 49.Rb3 Bg7 50.Be1 Ke4
51.Rd3 Bh6 52.Ke2 Rc2+ 53.Bd2 Rb2  0-1

[Event "Open A"]
[Site "Riga LAT"]
[Date "2004.08.16"]
[Round "3"]
[White "Sulskis,S"]
[Black "Stepanov,T"]
[Result "1-0"]
[WhiteElo "2557"]
[BlackElo "2272"]

1.e4 c5 2.Nf3 Nc6 3.Bb5 g6 4.Bxc6 dxc6 5.d3 Bg7 6.h3 e5 7.Nc3 Qe7 8.a3 Nh6
9.Rb1 O-O 10.b4 cxb4 11.axb4 f6 12.O-O Be6 13.b5 c5 14.b6 Rfd8 15.Be3 axb6
16.Rxb6 Ra6 17.Rxa6 bxa6 18.Qc1 Nf7 19.Qa3 Bf8 20.Qxa6 f5 21.Rb1 Bc8 22.Qc6 f4
23.Nd5 Qe6 24.Qxe6 Bxe6 25.Nc7 Ba2 26.Rb2 fxe3 27.Rxa2 c4 28.Nd5 exf2+ 29.Kxf2 cxd3
30.cxd3 Bg7 31.Ke2 Rb8 32.Ra7 Kf8 33.g4 Rc8 34.g5 Rd8 35.h4 Rc8 36.Nd2 Rb8
37.Nc4 Rd8 38.Ncb6 h6 39.Nd7+ Ke8 40.Nc5 Rd6 41.Nc7+ Kf8 42.Ra8+ Nd8 43.Nb7  1-0

[Event "ch-ESP Abierto"]
[Site "Seville ESP"]
[Date "2004.08.16"]
[Round "4"]
[White "Garza Marco,S"]
[Black "Perez Fungueiro,M"]
[Result "0-1"]
[WhiteElo "2414"]
[BlackElo "2266"]

1.e4 c5 2.Nf3 Nc6 3.Bb5 e6 4.O-O Nge7 5.c3 a6 6.Ba4 b5 7.Bc2 Bb7 8.Re1 Rc8
9.a4 b4 10.d3 d6 11.Nbd2 g6 12.Nc4 Bg7 13.Bf4 e5 14.Bd2 a5 15.Bb3 O-O 16.Bg5 h6
17.Bh4 Kh7 18.Ne3 Qd7 19.Nd2 f5 20.f3 g5 21.Bf2 f4 22.Nd5 Nxd5 23.Bxd5 Ne7
24.Bxb7 Qxb7 25.Nc4 Qa6 26.g4 fxg3 27.hxg3 Rf7 28.Be3 Rcf8 29.Rf1 g4 30.f4 exf4
31.Rxf4 bxc3 32.bxc3 d5 33.Rxf7 Rxf7 34.exd5 Rf3 35.Bf4 Nxd5 36.Ne5 Bxe5
37.Bxe5 Ne3 38.Qb3 Qc6 39.Qb5 Rf1+  0-1

[Event "Knjaz Milos Jezero Open"]
[Site "Belgrade SCG"]
[Date "2004.08.17"]
[Round "1"]
[White "Cobic,V"]
[Black "Marinkov,S"]
[Result "1-0"]
[WhiteElo "2383"]
[BlackElo "2064"]

1.e4 c5 2.Nf3 Nc6 3.Bb5 d6 4.d4 cxd4 5.Qxd4 Bd7 6.Bxc6 bxc6 7.c4 c5 8.Qd3 g6
9.O-O Bg7 10.Rd1 Nf6 11.e5 Bf5 12.Qe2 Ne4 13.g4 Nxf2 14.Kxf2 Bxg4 15.exd6 e6
16.d7+ Kf8 17.Qe4 Bxf3 18.Qxf3 Qh4+ 19.Kg2 Rd8 20.Nc3 f5 21.Bf4 Bd4 22.Nb5 Rxd7
23.Nxd4 cxd4 24.c5 Kf7 25.Qg3 Qxg3+ 26.hxg3 Kf6 27.Bd6 e5 28.b4 Ke6 29.a4 Kd5
30.b5 e4 31.a5 d3 32.Kf2 Rc8 33.Ke3 g5 34.b6 axb6 35.axb6 Rxd6 36.cxd6 Rc2
37.Ra5+ Kc4 38.Re1 f4+ 39.gxf4 gxf4+ 40.Kxe4 Re2+ 41.Rxe2  1-0

[Event "FSGM August"]
[Site "Budapest HUN"]
[Date "2004.08.17"]
[Round "11"]
[White "Rupprecht,A"]
[Black "Turov,M"]
[Result "1/2-1/2"]
[WhiteElo "2329"]
[BlackElo "2536"]

1.e4 c5 2.Nf3 Nc6 3.Bb5 d6 4.d4 cxd4 5.Qxd4 Nf6 6.Nc3 Bd7 7.Bxc6 Bxc6 8.Bg5 e6
9.O-O-O Be7 10.Qd3 O-O 11.Nd4 Rc8 12.f4  1/2-1/2